Helping families and communities recover from disaster : lessons learned from Hurricane Katrina and its aftermath
Αποθηκεύτηκε σε:
| Άλλοι συγγραφείς: | |
|---|---|
| Μορφή: | Βιβλίο |
| Γλώσσα: | English |
| Δημοσίευση: |
Washington, DC :
American Psychological Association,
[c2010]
|
| Θέματα: | |
| Ετικέτες: |
Προσθήκη ετικέτας
Δεν υπάρχουν, Καταχωρήστε ετικέτα πρώτοι!
|
MARC
| LEADER | 00000cam a2200000 i 4500 | ||
|---|---|---|---|
| 001 | 1/8995 | ||
| 008 | 100707s2010 eng d | ||
| 020 | |a 978-1-4338-0544-8 | ||
| 020 | |a 1-4338-0544-8 | ||
| 035 | |l 10108467 | ||
| 040 | |a GR-MY-UA |b gre |e aacr | ||
| 041 | 0 | |a eng | |
| 082 | 0 | |a 363.348 |2 (22) | |
| 245 | 1 | 0 | |a Helping families and communities recover from disaster : |b lessons learned from Hurricane Katrina and its aftermath / |c edited by Ryan P. Kilmer ... [κ.ά.]. |
| 260 | |a Washington, DC : |b American Psychological Association, |c [c2010] | ||
| 300 | |a 340 σ.; |c 24 εκ. | ||
| 504 | |a Περιλαμβάνει βιβλιογραφίες και ευρετήριο | ||
| 650 | 0 | 0 | |a Hurricane Katrina |y 2005. |
| 650 | 0 | 0 | |a Emergency management |z Louisiana |z New Orleans. |
| 650 | 0 | 0 | |a Emergency management |z Gulf Coast (U.S.) |
| 650 | 0 | 0 | |a Disaster relief |z Louisiana |z New Orleans. |
| 650 | 0 | 0 | |a Intergovernmental cooperation |z United States. |
| 700 | 1 | |a Kilmer, Ryan P. |4 edt | |
| 852 | |a INST |b RHODES |e 20100707 |h 363.348 HEL |p 005400032920 |q 005400032920 |t BK |y 0 | ||
| 901 | |a BIBL4-2010-2 | ||
| 909 | |a Ρ |b 163366 | ||
| 970 | |a ΚΟΖΑ |b ΜΑΡΙΑ |z 2010/07/07 | ||